| 000 | 02671nam a2200217Ia 4500 | ||
|---|---|---|---|
| 999 |
_c30167 _d30167 |
||
| 003 | OSt | ||
| 005 | 20211228151610.0 | ||
| 008 | 160316s2012 xxu||||| |||| 00| 0 eng d | ||
| 020 | _a978817304-934-7,9788173049361 | ||
| 040 | _cNLS | ||
| 082 | _a954 BHA-IV | ||
| 100 | _aBhalla Alok | ||
| 245 | _aStories about the partition of India Vol. IV | ||
| 260 |
_aNew Delhi _bManohar Publications _c2012 |
||
| 300 | _a486p | ||
| 365 | _b Rs. 995 | ||
| 505 | _aContents: Preface; Introduction by Alok Bhalla; 1. Housing Society by Qurratulain Hyder; 2. Whose History? by Rajee Seth; 3. They are Taking Me Away, Father, They are Taking Me Away! by Khadija Mastur; 4. The Mirror by Gurdev Singh Ropana; 5. A Dream of An Old Man by Ahmed Salim; 6. The Earthly Paradise Remains Unshaken by Ritwik Ghatak; 7. The Infidel by Ateen Bandopadhyay; 8. Rabeya Apa by Ashraf Siddiqui; 9. My Granny by Popati Hiranandani; 10. Neighbours by Dalip Kaur Tiwana; 11. Come, Sister Fatima by Baldev Singh; 12. Doves by Joginder Paul; 13. Thoo Thoo by Qaiser Qasri; 14. When Kabir Saw, He Wept ... by Saadat Hasan Manto; 15. Album by Nisha Da Cunha; 16. Muhammad, the Coach-Driver by Ram Panjwani; 17. Obligation by Gobind Malhi; 18. Pakistan Zindabad by Kartar Singh Duggal; 19. Across the River Raavi by Gulzar; 20. Savage Harvest by M.S. Sarna; 21. The Man by Syed Muhammad Ashraf; 22. Sikka Badal Gaya by Krishna Sobti; 23. Longing Hearts by Popati Hiranandani; 24. Dera Baba Nanak by Joginder Paul; 25. You Will Always be My World by Gurbaksh Singh Preetlahri; 26. The Miscreants by Khadija Mastur; 27. The Crystal Goblet by Ritwik Ghatak; 28. Wait, Intizar Husain by Rajee Seth; 29. Partition by Swayam Prakash; 30. The Refugee by H.V. Savithramma; 31. To the Head of the State by Ahmed Nadeem Qasmi; 32. Expelled by Asif Farrukhi; 33. Pieces of Flesh by Farkhanda Lodhi; 34. Roots by Syeda Farida Rahman; 35. The Wagah Canal by Fikr Tauswi; 36. The Year of the Iron Dog by Neeman Sobhan; 37. Paparwali by Sundri Utamchandani; 38. Alams Own House by Dibyendu Palit; 39. Run Away from These Slave-Traders! by Ramanand Sagar; 40. Lost Again by Gurdial Singh; 41. The Uprooted by Vishnu Bhatia; 42. A Refugee Mother by Kirat Babani; 43. The Sound of Falling Leaves by Qurratulain Hyder; 44. An Ilish Story by Khademul Islam; 45. The Escape by Syed Waliullah; 46. Boycott by Gordhan Bharti; 47. Yazid by Saadat Hasan Manto; 48. A Chronicle of the Peacocks by Intizar Husain; List of Contributors; Glossary. | ||
| 650 | _a1. Indian History - Partition | ||
| 700 |
_a _a |
||
| 942 |
_2ddc _cBK |
||